| 000 -LEADER |
| fixed length control field |
00739nam a22002297a 4500 |
| 001 - CONTROL NUMBER |
| control field |
9380 |
| 003 - CONTROL NUMBER IDENTIFIER |
| control field |
BD-DhUAP |
| 005 - DATE AND TIME OF LATEST TRANSACTION |
| control field |
20210111145246.0 |
| 008 - FIXED-LENGTH DATA ELEMENTS--GENERAL INFORMATION |
| fixed length control field |
210111s2003 mas |||| |||| 001 0 eng d |
| 020 ## - INTERNATIONAL STANDARD BOOK NUMBER |
| International Standard Book Number |
1578519314 |
| 040 ## - CATALOGING SOURCE |
| Original cataloging agency |
BD-DhUAP |
| Language of cataloging |
Eng |
| Transcribing agency |
BD-DhUAP |
| Modifying agency |
BD-DhUAP |
| 082 ## - DEWEY DECIMAL CLASSIFICATION NUMBER |
| Edition number |
23 |
| Classification number |
658 DAV |
| 100 ## - MAIN ENTRY--PERSONAL NAME |
| Personal name |
Davenport, Thomas H. |
| 245 ## - TITLE STATEMENT |
| Title |
What's the big idea? : |
| Remainder of title |
creating and capitalizing on the best new management thinking / |
| Statement of responsibility, etc. |
Thomas H. Davenport and Laurence Prusak. |
| 260 ## - PUBLICATION, DISTRIBUTION, ETC. |
| Place of publication, distribution, etc. |
Boston, Mass : |
| Name of publisher, distributor, etc. |
Harvard Business School Press, |
| Date of publication, distribution, etc. |
c2004. |
| 300 ## - PHYSICAL DESCRIPTION |
| Extent |
242 pages ; |
| Dimensions |
23 cm. |
| 500 ## - GENERAL NOTE |
| General note |
Includes index. |
| 650 ## - SUBJECT ADDED ENTRY--TOPICAL TERM |
| Topical term or geographic name entry element |
Success in business. |
| 650 ## - SUBJECT ADDED ENTRY--TOPICAL TERM |
| Topical term or geographic name entry element |
Knowledge management. |
| 700 ## - ADDED ENTRY--PERSONAL NAME |
| Personal name |
Prusak, Laurence. |
| 942 ## - ADDED ENTRY ELEMENTS (KOHA) |
| Source of classification or shelving scheme |
|
| Koha item type |
Book |